书目信息 |
| 题名: |
思维的再现
|
|
| 作者: | 林璐 , 周波 著 | |
| 分册: | ||
| 出版信息: | 北京 中国建筑工业出版社 2009.07 |
|
| 页数: | 155页 | |
| 开本: | 26cm | |
| 丛书名: | ||
| 单 册: | ||
| 中图分类: | TB47 | |
| 科图分类: | ||
| 主题词: | 工业技术--通用 , 工业--设备--通用性 | |
| 电子资源: | ||
| ISBN: | 978-7-112-10675-2 | |
| 000 | 00874nam0 2200265 450 | |
| 001 | 1058455500 | |
| 005 | 20100508113808.64 | |
| 010 | @a978-7-112-10675-2@dCNY42.00 | |
| 100 | @a20100515d2009 km y0chiy0120 ea | |
| 101 | 0 | @achi |
| 102 | @aCN@b110000 | |
| 105 | @ay z 000yy | |
| 200 | 1 | @a思维的再现@Asi wei de zai xian@e工业设计视觉表现@f林璐, 周波著@Flin lu,zhou bo zhu |
| 205 | @a第2版 | |
| 210 | @a北京@c中国建筑工业出版社@d2009.07 | |
| 215 | @a155页@d26cm | |
| 330 | @a本书阐述设计当通过在“主体”和“客体”之间寻求和谐,在人与人、人与物、人与自然、心灵与身体之间营造多重平等和整体的关系。 | |
| 517 | 1 | @a工业设计视觉表现@Agong ye she ji shi jue biao xian |
| 606 | 0 | @a工业技术@x通用 |
| 606 | 0 | @a工业@x设备@x通用性 |
| 690 | @aTB47@v4 | |
| 701 | 0 | @a林璐@Alin lu@4著 |
| 701 | 0 | @a周波@Azhou bo@4著 |
| 801 | 0 | @aCN@c20100515 |
| 905 | @dTB47@eL508=2@f3 | |
| 思维的再现:工业设计视觉表现/林璐, 周波著.-第2版.-北京:中国建筑工业出版社,2009.07 |
| 155页;26cm |
| ISBN 978-7-112-10675-2:CNY42.00 |
| 本书阐述设计当通过在“主体”和“客体”之间寻求和谐,在人与人、人与物、人与自然、心灵与身体之间营造多重平等和整体的关系。 |
| ● |
| 相关链接 |
|
|
|
正题名:思维的再现
索取号:TB47/L508=2
 
预约/预借
| 序号 | 登录号 | 条形码 | 馆藏地/架位号 | 状态 | 备注 |
| 1 | 898381 | 208983812 | 期刊室512/501自科库 15排3列3层/ [索取号:TB47/L508=2] | 在馆 | |
| 2 | 898382 | 208983821 | 自科库501/501自科库 15排3列3层/ [索取号:TB47/L508=2] | 在馆 | |
| 3 | 898383 | 208983830 | 自科库501/501自科库 15排3列3层/ [索取号:TB47/L508=2] | 在馆 |